Plant genetic resources newsletter / (Registro nro. 17048)
[ vista simple ]
| 000 -CABECERA | |
|---|---|
| Campo de control | 00993cas a2200253 a 4500 |
| 005 - FECHA Y HORA DE LA ULTIMA TRANSACCION | |
| Campo de control | 20180803092046.0 |
| 008 - ELEMENTOS DE LONGITUD FIJA—INFORMACION GENERAL | |
| Campo de control | 890822c19579999it zn p r 0 0a0eng d |
| 022 ## - ISSN | |
| ISSN | 1020-3362 |
| 040 ## - FUENTE DE CATALOGACIÓN | |
| Agencia catalogadora original | hm |
| Agencia transcriptora | hm |
| Agencia Modificadora | CO-BoIAVH |
| 041 0# - IDIOMA | |
| Código de idioma para texto/pista de sonido o título separado | Inglés |
| -- | Francés |
| -- | Español |
| 044 ## - PAÍS DE PUBLICACIÓN | |
| País de publicación | Italia |
| 090 ## - CLASIFICACIÓN LOCAL | |
| Colección | SE |
| 245 00 - MENCION DE TITULO | |
| Título | Plant genetic resources newsletter / |
| Mención de responsabilidad | Food and Agriculture Organization of the United Nations. |
| 246 10 - FORMA VARIANTE DEL TITULO | |
| Título propiamente dicho/forma breve del título | Bulletin de ressources phytogénétiques |
| 246 10 - FORMA VARIANTE DEL TITULO | |
| Título propiamente dicho/forma breve del título | Noticiario de recursos fitogenéticos |
| 260 ## - PUBLICACION, DISTRIBUCION, ETC. (PIE DE IMPRENTA) | |
| Lugar de publicación, distribución, etc. | Roma (Italia) : |
| Nombre del editor, distribuidor, etc. | FAO, |
| Fecha de publicación, distribución, etc. | 1957-. |
| 300 ## - DESCRIPCION FISICA | |
| Otros detalles físicos | ilustraciones ; |
| Dimensiones | 27 x 21 cm. |
| 546 ## - NOTA DE IDIOMA | |
| Nota de idioma | Textos en inglés, francés y español. |
| 650 26 - ASIENTO SECUNDARIO DE MATERIA - TERMINO TEMATICO | |
| Término temático o nombre geográfico como elemento de entrada | Fitogenética |
| Subdivisión de forma | Publicaciones periódicas |
| 9 (RLIN) | 92099 |
| 650 26 - ASIENTO SECUNDARIO DE MATERIA - TERMINO TEMATICO | |
| Término temático o nombre geográfico como elemento de entrada | Plantas |
| Subdivisión general | Conservación |
| Subdivisión de forma | Publicaciones periódicas |
| 9 (RLIN) | 92100 |
| 650 26 - ASIENTO SECUNDARIO DE MATERIA - TERMINO TEMATICO | |
| Término temático o nombre geográfico como elemento de entrada | Recursos genéticos vegetales |
| Subdivisión de forma | Publicaciones periódicas |
| 9 (RLIN) | 92101 |
| 710 2# - ASIENTO SECUNDARIO - NOMBRE CORPORATIVO | |
| Nombre corporativo o de jurisdicción como elemento de entrada | Organización de las Naciones Unidas para la Agricultura y la Alimentación |
| Lugar de la reunión | (Roma) |
| 9 (RLIN) | 92102 |
| 942 ## - ELEMENTOS ADICIONALES (KOHA) | |
| Sistema de clasificación | Local |
| Tipo de ítem | Periodica o revista |
| Serial record | 1 |
| Withdrawn status | Lost status | Sistema de Clasificación | Damaged status | No para préstamo | Colección | Fecha publicación (Año) | Número revista | Inventariado | Ubicación Permanente | Ubicación actual | Fecha de adquisición | Datos de publicación Seriada | Total Checkouts | Número topográfico | Inventario / Código de Barras | Date last seen | Ejemplar | Price effective from | Forma de adquisición | Tipo de material |
|---|---|---|---|---|---|---|---|---|---|---|---|---|---|---|---|---|---|---|---|---|
| Local | Hemeroteca | 1996 | 105 | Inventariado 2017 | Bogotá | Bogotá | 03/08/2018 | Número 105 | SE | 008502 | 03/08/2018 | Ej. 1 | 03/08/2018 | Donación | Periodica o revista | |||||
| Local | Hemeroteca | 1995 | 101 | Inventariado 2017 | Bogotá | Bogotá | 03/08/2018 | Número 101 | SE | 008498 | 03/08/2018 | Ej. 1 | 03/08/2018 | Donación | Periodica o revista | |||||
| Local | Hemeroteca | 1993 | 94 - 95 | Inventariado 2017 | Bogotá | Bogotá | 03/08/2018 | Números 94 y 95 | SE | 008513 | 03/08/2018 | Ej. 1 | 03/08/2018 | Donación | Periodica o revista | |||||
| Local | Hemeroteca | 1995 | 103 | Inventariado 2017 | Bogotá | Bogotá | 03/08/2018 | Número 103 | SE | 008500 | 03/08/2018 | Ej. 1 | 03/08/2018 | Donación | Periodica o revista | |||||
| Local | Hemeroteca | 1994 | 99 | Inventariado 2017 | Bogotá | Bogotá | 03/08/2018 | Número 99 | SE | 008496 | 03/08/2018 | Ej. 1 | 03/08/2018 | Donación | Periodica o revista | |||||
| Local | Hemeroteca | 1997 | 111 | Inventariado 2017 | Bogotá | Bogotá | 03/08/2018 | Número 111 | SE | 008508 | 03/08/2018 | Ej. 1 | 03/08/2018 | Donación | Periodica o revista | |||||
| Local | Hemeroteca | 1994 | 100 | Inventariado 2017 | Bogotá | Bogotá | 03/08/2018 | Número 100 | SE | 008497 | 03/08/2018 | Ej. 1 | 03/08/2018 | Donación | Periodica o revista | |||||
| Local | Hemeroteca | 1997 | 112 | Inventariado 2017 | Bogotá | Bogotá | 03/08/2018 | Número 112 | SE | 008509 | 03/08/2018 | Ej. 1 | 03/08/2018 | Donación | Periodica o revista | |||||
| Local | Hemeroteca | 1989 | 78 - 79 | Inventariado 2017 | Bogotá | Bogotá | 03/08/2018 | Números 78 y 79 | SE | 008511 | 03/08/2018 | Ej. 1 | 03/08/2018 | Donación | Periodica o revista | |||||
| Local | Hemeroteca | 1994 | 97 | Inventariado 2017 | Bogotá | Bogotá | 03/08/2018 | Número 97 | SE | 008494 | 03/08/2018 | Ej. 1 | 03/08/2018 | Donación | Periodica o revista | |||||
| Local | Hemeroteca | 1992 | 88 - 89 | Inventariado 2017 | Bogotá | Bogotá | 03/08/2018 | Números 88 y 89 | SE | 008512 | 03/08/2018 | Ej. 1 | 03/08/2018 | Donación | Periodica o revista | |||||
| Local | Hemeroteca | 1997 | 110 | Inventariado 2017 | Bogotá | Bogotá | 03/08/2018 | Número 110 | SE | 008507 | 03/08/2018 | Ej. 1 | 03/08/2018 | Donación | Periodica o revista | |||||
| Local | Hemeroteca | 1995 | 102 | Inventariado 2017 | Bogotá | Bogotá | 03/08/2018 | Número 102 | SE | 008499 | 03/08/2018 | Ej. 1 | 03/08/2018 | Donación | Periodica o revista | |||||
| Local | Hemeroteca | 1997 | 109 | Inventariado 2017 | Bogotá | Bogotá | 03/08/2018 | Número 109 | SE | 008506 | 03/08/2018 | Ej. 1 | 03/08/2018 | Donación | Periodica o revista | |||||
| Local | Hemeroteca | 1996 | 108 | Inventariado 2017 | Bogotá | Bogotá | 03/08/2018 | Número 108 | SE | 008505 | 03/08/2018 | Ej. 1 | 03/08/2018 | Donación | Periodica o revista | |||||
| Local | Hemeroteca | 1996 | 106 | Inventariado 2017 | Bogotá | Bogotá | 03/08/2018 | Número 106 | SE | 008503 | 03/08/2018 | Ej. 1 | 03/08/2018 | Donación | Periodica o revista | |||||
| Local | Hemeroteca | 1994 | 98 | Inventariado 2017 | Bogotá | Bogotá | 03/08/2018 | Número 98 | SE | 008495 | 03/08/2018 | Ej. 1 | 03/08/2018 | Donación | Periodica o revista | |||||
| Local | Hemeroteca | 1996 | 107 | Inventariado 2017 | Bogotá | Bogotá | 03/08/2018 | Número 107 | SE | 008504 | 03/08/2018 | Ej. 1 | 03/08/2018 | Donación | Periodica o revista | |||||
| Local | Hemeroteca | 1993 | 96 | Inventariado 2017 | Bogotá | Bogotá | 03/08/2018 | Número 96 | SE | 008532 | 03/08/2018 | Ej. 1 | 03/08/2018 | Donación | Periodica o revista | |||||
| Local | Hemeroteca | 1998 | 113 | Inventariado 2017 | Bogotá | Bogotá | 03/08/2018 | Número 113 | SE | 008510 | 03/08/2018 | Ej. 1 | 03/08/2018 | Donación | Periodica o revista | |||||
| Local | Hemeroteca | 1995 | 104 | Inventariado 2017 | Bogotá | Bogotá | 03/08/2018 | Número 104 | SE | 008501 | 03/08/2018 | Ej. 1 | 03/08/2018 | Donación | Periodica o revista |